000
00301nam a22001097a 4500
008
170120b xxu||||| |||| 00| 0 eng d
020
_a
9780763728786
041
_a
eng
080
_2
4TH
_a
618.2
245
_a
UMIKER'S MANAGEMENT SKILLS FOR THE NEW HEALTH CARE SUPERISOR
_c
MCCONNELL, CH.R
942
_2
udc
_c
BK
999
_c
3262
_d
3262